Socialistické vlastnictví /

Hlavní autor: Novotný, Ladislav
Korporativní autor: Vysoká stranická škola při ÚV KSČ
Jazyk: Čeština
Vydáno: Praha : Rudé právo, 1955
Vydání: 1. vyd.
Témata:
Fyzický popis: 47 s. ; 8°
Knihy
Uloženo v:
LEADER 01084nam a22003252a 4500
001 001684293
003 CZ BrMZK
005 20190524134319.0
007 ta
008 190523s1955 xr er|||||||||||cze d
015 |a cnb000717552 
035 |a (OCoLC)85442129 
040 |a ABA001  |b cze  |c ULG001  |d ABA001  |d BOA001 
072 7 |a 33  |x Ekonomie  |2 Konspekt  |9 4 
080 |a 330.342.15  |2 MRF 
100 1 |a Novotný, Ladislav  |4 aut 
245 1 0 |a Socialistické vlastnictví /  |c Ladislav Novotný 
250 |a 1. vyd. 
260 |a Praha :  |b Rudé právo,  |c 1955 
300 |a 47 s. ;  |c 8° 
500 |a 3000 výt. 
550 |a Vydavatel: Vysoká stranická škola při ÚV KSČ, Katedra politické ekonomie 
650 0 7 |a ekonomie  |7 ph114430  |2 czenas 
650 0 7 |a socialismus  |7 ph125740  |2 czenas 
655 7 |a učebnice vysokých škol  |7 fd133772  |2 czenas 
710 2 |a Vysoká stranická škola při ÚV KSČ  |7 kn20010710067 
910 |a BOA001  |b X-0340.148 
990 |a BK 
991 |b 201905 
996 6 |b 2618991059  |c X-0340.148  |l MZK  |r Sklad / do 24 hodin  |n 0  |w 001724609  |u 000010  |a 1  |e BOA001  |j MZK50  |s P